00309nam a2200121Ia 4500008004100000040001600041041001200057082001600069100002800085245003500113260002800148300001100176230917s9999||||xx |||||||||||||| ||und|| e47271aMAIN aEnglish a294.1 D213C aDange, Sadashiv Ambadas 0aCultural sources from the veda aBombaybBharatiyac1977 a116 p.